000 00328nam a2200133Ia 4500
008 151001s9999||||xx |||||||||||||| ||und||
100 _aवा शि आपटे
245 _aविक्रिकला
250 _a1
260 _bउद्यम प्रकाशन
260 _c1969
300 _a69
365 _b7
999 _c952165
_d952162